000 00477nam a2200181Ia 4500
008 090123s9999 xx 000 0 und d
082 _b141
100 _aनांगरे बालराम
245 _aअंतर
250 _a1
260 _bपाठक ग.रा.
300 _a120
600 _aनांगरे बालराम
630 _aअंतर
700 _aनांगरे बालराम
730 _aअंतर
942 _cBOOK
999 _c38229
_d38229